000 01623nam a2200325 a 4500
001 BRCA_129
005 20190320202907.0
008 970821s1995 mx-a---###---#000-0#spa-d
020 _a9682319773 (Obra completa)
040 _aPL#
_bspa
_cPL#
_dGZM
041 _aspa
_hfre
050 4 _aF1211.H9
_b.M56 1995
100 1 _aHumboldt, Alexander von
_d1769-1859
_9508
245 1 0 _aVistas de las cordilleras y monumentos de los pueblos indígenas de América
_cAlexander von Humboldt ; prólogo de Charles Minguet y Jean-Paul Duviols ; introducción, traducción y notas de Jaime Labastida ; notas de Eduardo Matos Moctezuma, Mercedes Olivera y Cayetano Reyes.
260 _aMéxico
_bSmurfit Cartón y Papel de México : Siglo XXI
_c[1995]
300 _a2 v.
_bil. (algunas a color)
_c35 cm.
500 _aIncluye índice alfabético de autores y obras, índice alfabético de materias e índice onomástico y de obras para el prólogo, introducción y notas de la presente edición
505 0 _aContenido: v.1. Texto. -- v.2. Láminas
546 _aTraducción de: Vues des Cordillères et Monuments des Peuples Indigènes de l´Amérique
650 1 4 _aIndígenas de México
_xAntigüedades
_9509
650 1 4 _aRegión de los Andes
_xAntigüedades
_9510
650 1 4 _aIndígenas de América del Sur
_xAntigüedades
_zRegión de los Andes
_9511
651 4 _aMéxico
_xDescripción y viajes
_9103
651 4 _aPerú
_xDescripción y viajes
_9512
653 0 _aViajeros extranjeros en México
700 1 _aMinguet, Charles
_9513
700 1 _aDuviols, Jean-Paul
_9514
700 1 _aLabastida, Jaime
_9515
942 _2lcc
_cB
999 _c112
_d112